000 00910nam a2200277 a 4500
001 22249
003 BD-RJUL
005 20211209000802.0
008 140306s19511932enk 000 1 eng
035 _a(BD-RJUL)22314
035 _a(OCoLC)863474484
040 _aDLC
_cOUN
_dSER
_dm.c
_beng
041 _aeng
082 _a823
_bFIL 1951
100 1 _aFielding, Henry,
_d1707-1754.
_968673
245 1 4 _aThe life of Jonathan Wild /
_cby Henry Fielding
260 _aLondon :
_bH. Milford, Oxford university press,
_cC1932[reprinting 1951]
300 _a3 p. l., [3] -289, [1] p. ;
_c16 cm
500 _aWith reproduction of the t.-p. of the original edition, 1743
830 0 _aWorld's classics
_970464
856 4 1 _3Bodleian Library 256 f.2752
_uhttp://purl.ox.ac.uk/uuid/edb6115593494874966ac15743714918
942 _2ddc
_cBK
999 _c22249
_d22249